LEADER 00851nam0 2200265 450 001 000022376 005 20090202140325.0 010 $a88-207-2794-3 100 $a20090202d1999----km-y0itay50------ba 101 0 $aita 102 $aIT 105 $ay-------001yy 200 1 $aGrammatica della lingua inglese$fStefano Manferlotti, Mary Rogers 210 $aNapoli$cLiguori$d1999 215 $a479 p.$d27 cm$e1 fasc. (31 p.) 500 10$aGrammatica della lingua inglese$947306 610 1 $aLingua inglese$aGrammatica$aEsercizi 676 $a415$v21$9Grammatica 700 1$aManferlotti,$bStefano$4070$0133014 701 1$aRogers,$bMary$4070$0377490 801 0$aIT$bUNIPARTHENOPE$c200900202$gRICA$2UNIMARC 912 $a000022376 951 $aS 415/4$bS C, 1112$cDSA$d2009 996 $aGrammatica della lingua inglese$947306 997 $aUNIPARTHENOPE LEADER 01005nam a2200277 i 4500 001 991001144589707536 005 20020507184057.0 008 951019s1979 it ||| | ita 035 $ab10807020-39ule_inst 035 $aLE01307745$9ExL 040 $aDip.to Matematica$beng 082 0 $a001.6 084 $aAMS 68N 084 $aCR C.3 100 1 $aCavalcoli, Aldo$05456 245 12$aI microprocessori e le loro applicazioni :$bSC/MP /$cAldo Cavalcoli, Valerio Scibilia 260 $aMilano :$bJackson,$c1979 300 $ax, 155 p. ;$c24 cm. 650 4$aSoftware 700 1 $aScibilia, Valerio$eauthor$4http://id.loc.gov/vocabulary/relators/aut$0736466 907 $a.b10807020$b21-09-06$c28-06-02 912 $a991001144589707536 945 $aLE013 68N CAV11 (1979)$g1$i2013000037813$lle013$o-$pE0.00$q-$rl$s- $t0$u0$v0$w0$x0$y.i10912022$z28-06-02 996 $aMicroprocessori e le loro applicazioni$91455808 997 $aUNISALENTO 998 $ale013$b01-01-95$cm$da $e-$fita$git $h2$i1